| 000 | 00498nam a2200181Ia 4500 | ||
|---|---|---|---|
| 008 | 230718s9999 xx 000 0 und d | ||
| 020 | _a9788131808320 | ||
| 041 | _aeng | ||
| 082 |
_a510 _bBAL |
||
| 100 | _aBali N.P. | ||
| 245 | _aTextbook Of Engineering Mathematics | ||
| 250 | _a9th ed. | ||
| 260 |
_c2016 _bLaxmi Publications |
||
| 300 |
_a1530 _dRef 436 G (54099) |
||
| 365 |
_cRs. _b1150.00 |
||
| 700 | _aBali N.P. & Goyal M. | ||
| 906 |
_dO:0359703-Oct-2016B:312204-Aug-2016 _cBSH _b1150 |
||
| 999 |
_c343380 _d343380 |
||